00309nam a2200109Ia 4500020001800000082002000018245003600038260004800074300003500122650002600157700001600183 a0 521 23099 3 aRR 951.003 CAM; 0aCambridge encyclopedia of China aCambridgebCambridge University Pressc1982 a492p.: pictures, photographs a aChina - Encyclopedias aHook, Brain